Nenne eine gültige Antwort - Naturwissenschaften - Statistiken

Allgemein
  • Dieses Quiz wurde 290 mal gespielt
    174 seit der letzten Aktualisierung
  • Das Durchschnittsergebnis liegt bei 8 aus 17
Antwortstatistiken
Kategorie Gültige Antworten % Korrekt
Ein Edelgas Helium | Neon | Argon | Krypton | Xenon | Radon
89%
Eine der fünf klassischen Sinne des Menschen Sehen | Hören | Riechen | Schmecken | Tasten
86%
Ein chemisches Element, das bei Raumtemperatur flüssig ist Brom | Quecksilber
80%
Eine Schicht der Erde Kruste | Mantel | äußerer Kern | innerer Kern
64%
Element, dessen Name mit Z beginnt Zirconium | Zinn | Zink
63%
Was die Buchstaben in E = mc² bedeuten Energie | Masse | Lichtgeschwindigkeit
59%
Periodensystem-Element, benannt nach einem Land Americium | Kupfer | Francium | Gallium | Germanium | Indium | Nihonium | Polonium
53%
Einer der 10 größten Monde des Sonnensystems (außer der Mond der Erde) Ganymed | Titan | Kallisto | Io | Europa | Triton | Titania | Rhea | Oberon | Iapetus
53%
Eine Schicht der Atmosphäre Troposphäre | Stratosphäre | Mesosphäre | Thermosphäre | Exosphäre
49%
Eine SI-Basiseinheit der Physik Meter | Kilogramm | Sekunde | Ampere | Kelvin | Mol | Candela
43%
Name einer Lichtwellenlänge im elektromagnetischen Spektrum Radio | Mikrowelle | Infrarot | sichtbares Licht | Ultraviolett | Röntgen | Gamma
42%
DNA-Basen (Hinweis: CGAT) Cytosin | Guanin | Adenin | Thymin
38%
Unterart des Tigers Bengal | Sibirisch | Südchinesisch | Indochinesisch | Malaiisch | Sumatra
30%
Begriff für eine geologische Zeitspanne (Oberbegriffe) Äon | Ära | Epoche | Periode
25%
Ein taxonomischer Rang zwischen Gattung und Reich Familie | Ordnung | Klasse | Stamm
23%
Allgemeine Bezeichnungen für Sternentypen Orangener Zwerg | Roter Zwerg | Weißer Zwerg | Gelber Zwerg | Roter Riese | Blauer Riese
21%
Einer der drei größten Knochen im Arm Humerus | Radius | Ulna
12%
Keine übereinstimmenden Quizze gefunden
Verteilung der Resultate
Anzahl Personen mit jedem Resultat
Perzentil nach korrekt beantworteten Fragen
Ihre Resultats-Entwicklung
Sie haben dieses Quiz seit der letzten Aktualisierung nicht gespielt